000 00678nam a2200229Ia 4500
003 OSt
005 20220926044626.0
006 a|||||r|||| 00| 0
007 ta
008 220923b |||||||| |||| 00| 0 eng d
037 _cGeneral Book
040 _aRTL
_cRTL
_beng
041 _2eng
_aeng
082 _az.224.N61t5, K1.1/GD
110 _aMysore, Planning, Housing and Social Welfare
_9349242
245 0 _aDraft third five year plan
_b Policy and programme
260 _c1961
300 _a435p.
_ccm.
700 _aMysore, Planning, Housing and Social Welfare
_9349243
942 _hz.224.N61t5, K1.1/GD
_cGB
_2CC
999 _c675360
_d675360